000 00620nam a2200241Ia 4500
003 OSt
005 20220918221226.0
006 a|||||r|||| 00| 0
007 ta
008 220917b |||||||| |||| 00| 0 eng d
024 _a148,841
037 _cTextual
040 _aARTS
_cARTS
_beng
041 _2eng
_aeng
082 _aTz7, J32
100 _aMelby Ernest O ed
_9139631
245 0 _aFreedom and public education
260 _c1953
650 _aEDUCATION
700 _a Puner Morton ed
_9139632
942 _hTz7, J32
_cTEXL
_2CC
999 _c271517
_d271517